[Event "TUR-chT2"]
[Site "Konya"]
[Date "2017.07.10"]
[Round "2.13"]
[White "Elci, Defne"]
[Black "Ar, Leylahan"]
[Result "1-0"]
[WhiteElo "1342"]
[BlackElo "1095"]
[PlyCount "75"]
[EventDate "2017.07.09"]
[EventType "team-swiss"]
[EventRounds "9"]
[EventCountry "TUR"]
[SourceTitle "CBM 179 Extra"]
[Source "ChessBase"]
[SourceDate "2017.08.23"]
[SourceVersion "1"]
[SourceVersionDate "2017.08.23"]
[SourceQuality "1"]
[WhiteTeam "Cesme Yelken"]
[BlackTeam "Mezopotamya"]
[WhiteTeamCountry "TUR"]
[BlackTeamCountry "TUR"]

1. e4 e5 2. Nf3 Nc6 3. Bb5 Nf6 4. 0-0 Bd6 5. Re1 a6 6. Ba4 b5 7. Bb3 h6 8. c3 0-0 9. d4 Bb7 10. Nbd2 Re8 11. Bc2 a5 12. Nf1 Na7 13. Ng3 c6 14. dxe5 Bxe5 15. Nxe5 Rxe5 16. Bf4 Re8 17. Qd2 g5 18. Bxg5 hxg5 19. Qxg5+ Kf8 20. Qh6+ Ke7 21. Nf5+ Ke6 22. Bb3+ d5 23. exd5+ Kd7 24. dxc6+ Kxc6 25. Rxe8 Qxe8 26. Qxf6+ Kc7 27. Qe7+ Qxe7 28. Nxe7 Kd7 29. Nf5 f6 30. Rd1+ Kc7 31. f3 Re8 32. Kf2 a4 33. Bc2 Nc6 34. Nd6 Rh8 35. Nxb7 Kxb7 36. Be4 Rxh2 37. Rd6 Kc7 38. Rxc6+ 1-0

[Event "TUR-chT2"]
[Site "Konya"]
[Date "2017.07.10"]
[Round "3.19"]
[White "Elci, Defne"]
[Black "Kaya, Sanem"]
[Result "1-0"]
[WhiteElo "1342"]
[BlackElo "1192"]
[PlyCount "49"]
[EventDate "2017.07.09"]
[EventType "team-swiss"]
[EventRounds "9"]
[EventCountry "TUR"]
[SourceTitle "CBM 179 Extra"]
[Source "ChessBase"]
[SourceDate "2017.08.23"]
[SourceVersion "1"]
[SourceVersionDate "2017.08.23"]
[SourceQuality "1"]
[WhiteTeam "Cesme Yelken"]
[BlackTeam "Burdur Belediyesi"]
[WhiteTeamCountry "TUR"]
[BlackTeamCountry "TUR"]

1. e4 e5 2. Nf3 Nc6 3. Bb5 Nf6 4. 0-0 Bc5 5. Bxc6 bxc6 6. Nxe5 0-0 7. d4 Bb6 8. Nc3 h6 9. Bf4 Re8 10. Re1 Bb7 11. Qd3 d6 12. Nf3 Qd7 13. Rad1 d5 14. exd5 cxd5 15. Ne5 Qc8 16. Qf3 c6 17. Bxh6 Re6 18. Bg5 Qe8 19. Re3 c5 20. Ng4 Ne4 21. Nxe4 dxe4 22. Qg3 cxd4 23. Nf6+ Rxf6 24. Bxf6 g6 25. Qh4 1-0